Geology and coal resources of the Axial and Monument Butte quadrangles, Moffat County, Colorado, (Record no. 26381)

MARC details
000 -LEADER
fixed length control field 01091cam a22002891 4500
001 - CONTROL NUMBER
control field gs 25000138
003 - CONTROL NUMBER IDENTIFIER
control field DLC
005 - DATE AND TIME OF LATEST TRANSACTION
control field 20260227111329.0
008 - FIXED-LENGTH DATA ELEMENTS--GENERAL INFORMATION
fixed length control field 760210s1925 dcu b f000 0 eng
010 ## - LIBRARY OF CONGRESS CONTROL NUMBER
LC control number gs 25000138
035 ## - SYSTEM CONTROL NUMBER
System control number (OCoLC)1981832
040 ## - CATALOGING SOURCE
Original cataloging agency DLC
Transcribing agency IDeKN
Modifying agency OCoLC
-- DLC
043 ## - GEOGRAPHIC AREA CODE
Geographic area code n-us-co
050 00 - LIBRARY OF CONGRESS CALL NUMBER
Classification number QE75
Item number .B9 no. 757
051 ## - LIBRARY OF CONGRESS COPY, ISSUE, OFFPRINT STATEMENT
Classification number QE92.M57
Item number H3
100 1# - MAIN ENTRY--PERSONAL NAME
Personal name Hancock, E. T.
Fuller form of name (Eugene Thomas),
Dates associated with a name 1875-
245 10 - TITLE STATEMENT
Title Geology and coal resources of the Axial and Monument Butte quadrangles, Moffat County, Colorado,
Statement of responsibility, etc. by E. T. Hancock.
260 ## - PUBLICATION, DISTRIBUTION, ETC.
Place of publication, distribution, etc. Washington,
Name of publisher, distributor, etc. Govt. print. off.,
Date of publication, distribution, etc. 1925.
300 ## - PHYSICAL DESCRIPTION
Extent vi, 134 p.
Other physical details illus., XIX pl. (part fold., incl. map. diagrs.) tables.
Dimensions 23 cm.
490 0# - SERIES STATEMENT
Series statement U.S. Geological survey. Bulletin 757
500 ## - GENERAL NOTE
General note At head of title: Dept. of the interior.
500 ## - GENERAL NOTE
General note Map and diagram folded in pocket.
504 ## - BIBLIOGRAPHY, ETC. NOTE
Bibliography, etc. note Includes bibliographical references.
650 #0 - SUBJECT ADDED ENTRY--TOPICAL TERM
Topical term or geographic name entry element Geology
Geographic subdivision Colorado
-- Moffat County.
650 #0 - SUBJECT ADDED ENTRY--TOPICAL TERM
Topical term or geographic name entry element Coal
Geographic subdivision Colorado
-- Moffat County.
740 0# - ADDED ENTRY--UNCONTROLLED RELATED/ANALYTICAL TITLE
Uncontrolled related/analytical title Axial and Monument Butte quadrangles, Moffat county, Colorado.

No items available.

Powered by Koha